Statistics for Lyon Full Squads (2000-)

Click here to take the quiz!

General Stats

  • This quiz has been taken 73 times
  • The average score is 225 of 575

Answer Stats

Year#Pos/CountryAnswer% Correct
2017-201811FW ๐Ÿ‡ณ๐Ÿ‡ฑMemphis Depay
90%
2020-202110FW ๐Ÿ‡ณ๐Ÿ‡ฑMemphis Depay
90%
2019-202011FW ๐Ÿ‡ณ๐Ÿ‡ฑMemphis Depay
90%
2016-20179FW ๐Ÿ‡ณ๐Ÿ‡ฑMemphis Depay
90%
2018-201911FW ๐Ÿ‡ณ๐Ÿ‡ฑMemphis Depay
90%
2012-201317FW ๐Ÿ‡ซ๐Ÿ‡ทAlexandre Lacazette
88%
2022-202310FW ๐Ÿ‡ซ๐Ÿ‡ทAlexandre Lacazette
88%
2014-201510FW ๐Ÿ‡ซ๐Ÿ‡ทAlexandre Lacazette
88%
2011-201217FW ๐Ÿ‡ซ๐Ÿ‡ทAlexandre Lacazette
88%
2013-201410FW ๐Ÿ‡ซ๐Ÿ‡ทAlexandre Lacazette
88%
2015-201610FW ๐Ÿ‡ซ๐Ÿ‡ทAlexandre Lacazette
88%
2010-201138FW ๐Ÿ‡ซ๐Ÿ‡ทAlexandre Lacazette
88%
2016-201710FW ๐Ÿ‡ซ๐Ÿ‡ทAlexandre Lacazette
88%
2015-20161GK ๐Ÿ‡ต๐Ÿ‡นAnthony Lopes
88%
2016-20171GK ๐Ÿ‡ต๐Ÿ‡นAnthony Lopes
88%
2017-20181GK ๐Ÿ‡ต๐Ÿ‡นAnthony Lopes
88%
2018-20191GK ๐Ÿ‡ต๐Ÿ‡นAnthony Lopes
88%
2012-201316GK ๐Ÿ‡ต๐Ÿ‡นAnthony Lopes
88%
2013-201416GK ๐Ÿ‡ต๐Ÿ‡นAnthony Lopes
88%
2019-20201GK ๐Ÿ‡ต๐Ÿ‡นAnthony Lopes
88%
2020-20211GK ๐Ÿ‡ต๐Ÿ‡นAnthony Lopes
88%
2021-20221GK ๐Ÿ‡ต๐Ÿ‡นAnthony Lopes
88%
2022-20231GK ๐Ÿ‡ต๐Ÿ‡นAnthony Lopes
88%
2014-20151GK ๐Ÿ‡ต๐Ÿ‡นAnthony Lopes
88%
2013-20142DF ๐Ÿ‡ต๐Ÿ‡นMiguel Lopes
88%
2008-200910FW ๐Ÿ‡ซ๐Ÿ‡ทKarim Benzema
78%
2007-200810FW ๐Ÿ‡ซ๐Ÿ‡ทKarim Benzema
78%
2006-200719FW ๐Ÿ‡ซ๐Ÿ‡ทKarim Benzema
78%
2005-200619FW ๐Ÿ‡ซ๐Ÿ‡ทKarim Benzema
78%
2004-200544FW ๐Ÿ‡ซ๐Ÿ‡ทKarim Benzema
78%
2009-20109FW ๐Ÿ‡ฆ๐Ÿ‡ทLisandro Lรณpez
76%
2012-20139FW ๐Ÿ‡ฆ๐Ÿ‡ทLisandro Lรณpez
76%
2011-20129FW ๐Ÿ‡ฆ๐Ÿ‡ทLisandro Lรณpez
76%
2010-20119FW ๐Ÿ‡ฆ๐Ÿ‡ทLisandro Lรณpez
76%
2022-202388MF ๐Ÿ‡ซ๐Ÿ‡ทCorentin Tolisso
74%
2015-20168MF ๐Ÿ‡ซ๐Ÿ‡ทCorentin Tolisso
74%
2013-201424MF ๐Ÿ‡ซ๐Ÿ‡ทCorentin Tolisso
74%
2014-201524MF ๐Ÿ‡ซ๐Ÿ‡ทCorentin Tolisso
74%
2016-20178MF ๐Ÿ‡ซ๐Ÿ‡ทCorentin Tolisso
74%
2016-201725MF ๐Ÿ‡ฉ๐Ÿ‡ฟHoussem Aouar
74%
2017-20188MF ๐Ÿ‡ฉ๐Ÿ‡ฟHoussem Aouar
74%
2018-20198MF ๐Ÿ‡ฉ๐Ÿ‡ฟHoussem Aouar
74%
2019-20208MF ๐Ÿ‡ฉ๐Ÿ‡ฟHoussem Aouar
74%
2020-20218MF ๐Ÿ‡ฉ๐Ÿ‡ฟHoussem Aouar
74%
2021-20228MF ๐Ÿ‡ฉ๐Ÿ‡ฟHoussem Aouar
74%
2022-20238MF ๐Ÿ‡ฉ๐Ÿ‡ฟHoussem Aouar
74%
2003-20041GK ๐Ÿ‡ซ๐Ÿ‡ทGrรฉgory Coupet
72%
2007-20081GK ๐Ÿ‡ซ๐Ÿ‡ทGrรฉgory Coupet
72%
2006-20071GK ๐Ÿ‡ซ๐Ÿ‡ทGrรฉgory Coupet
72%
2005-20061GK ๐Ÿ‡ซ๐Ÿ‡ทGrรฉgory Coupet
72%
2004-20051GK ๐Ÿ‡ซ๐Ÿ‡ทGrรฉgory Coupet
72%
2000-20011GK ๐Ÿ‡ซ๐Ÿ‡ทGrรฉgory Coupet
72%
2001-20021GK ๐Ÿ‡ซ๐Ÿ‡ทGrรฉgory Coupet
72%
2002-20031GK ๐Ÿ‡ซ๐Ÿ‡ทGrรฉgory Coupet
72%
2009-20101GK ๐Ÿ‡ซ๐Ÿ‡ทHugo Lloris
72%
2010-20111GK ๐Ÿ‡ซ๐Ÿ‡ทHugo Lloris
72%
2011-20121GK ๐Ÿ‡ซ๐Ÿ‡ทHugo Lloris
72%
2012-20131GK ๐Ÿ‡ซ๐Ÿ‡ทHugo Lloris
72%
2008-20091GK ๐Ÿ‡ซ๐Ÿ‡ทHugo Lloris
72%
2019-20205DF ๐Ÿ‡ง๐Ÿ‡ชJason Denayer
68%
2021-20225DF ๐Ÿ‡ง๐Ÿ‡ชJason Denayer
68%
2020-20215DF ๐Ÿ‡ง๐Ÿ‡ชJason Denayer
68%
2018-20195DF ๐Ÿ‡ง๐Ÿ‡ชJason Denayer
68%
2005-20063DF ๐Ÿ‡ง๐Ÿ‡ทCris
66%
2011-20123DF ๐Ÿ‡ง๐Ÿ‡ทCris
66%
2010-20113DF ๐Ÿ‡ง๐Ÿ‡ทCris
66%
2006-20073DF ๐Ÿ‡ง๐Ÿ‡ทCris
66%
2004-20053DF ๐Ÿ‡ง๐Ÿ‡ทCris
66%
2007-20083DF ๐Ÿ‡ง๐Ÿ‡ทCris
66%
2008-20093DF ๐Ÿ‡ง๐Ÿ‡ทCris
66%
2009-20103DF ๐Ÿ‡ง๐Ÿ‡ทCris
66%
2018-20199FW ๐Ÿ‡ฉ๐Ÿ‡ดMariano Dรญaz
66%
2017-20189FW ๐Ÿ‡ฉ๐Ÿ‡ดMariano Dรญaz
66%
2018-201910FW ๐Ÿ‡ง๐Ÿ‡ซBertrand Traorรฉ
64%
2019-202010FW ๐Ÿ‡ง๐Ÿ‡ซBertrand Traorรฉ
64%
2017-201810FW ๐Ÿ‡ง๐Ÿ‡ซBertrand Traorรฉ
64%
2019-202021FW ๐Ÿ‡จ๐Ÿ‡ฒKarl Toko Ekambi
64%
2022-20237FW ๐Ÿ‡จ๐Ÿ‡ฒKarl Toko Ekambi
64%
2021-20227FW ๐Ÿ‡จ๐Ÿ‡ฒKarl Toko Ekambi
64%
2020-20217FW ๐Ÿ‡จ๐Ÿ‡ฒKarl Toko Ekambi
64%
2019-20209FW ๐Ÿ‡ซ๐Ÿ‡ทMoussa Dembรฉlรฉ
64%
2021-20229FW ๐Ÿ‡ซ๐Ÿ‡ทMoussa Dembรฉlรฉ
64%
2020-20219FW ๐Ÿ‡ซ๐Ÿ‡ทMoussa Dembรฉlรฉ
64%
2018-20199FW ๐Ÿ‡ซ๐Ÿ‡ทMoussa Dembรฉlรฉ
64%
2022-20239FW ๐Ÿ‡ซ๐Ÿ‡ทMoussa Dembรฉlรฉ
64%
2016-201718MF ๐Ÿ‡ซ๐Ÿ‡ทNabil Fekir
64%
2018-201918MF ๐Ÿ‡ซ๐Ÿ‡ทNabil Fekir
64%
2015-201618MF ๐Ÿ‡ซ๐Ÿ‡ทNabil Fekir
64%
2014-201518MF ๐Ÿ‡ซ๐Ÿ‡ทNabil Fekir
64%
2013-201431MF ๐Ÿ‡ซ๐Ÿ‡ทNabil Fekir
64%
2017-201818MF ๐Ÿ‡ซ๐Ÿ‡ทNabil Fekir
64%
2018-201916MF ๐Ÿ‡ซ๐Ÿ‡ทYassin Fekir
64%
2010-20115DF ๐Ÿ‡ญ๐Ÿ‡ทDejan Lovren
62%
2009-201026DF ๐Ÿ‡ญ๐Ÿ‡ทDejan Lovren
62%
2012-20135DF ๐Ÿ‡ญ๐Ÿ‡ทDejan Lovren
62%
2011-20125DF ๐Ÿ‡ญ๐Ÿ‡ทDejan Lovren
62%
2022-20235DF ๐Ÿ‡ญ๐Ÿ‡ทDejan Lovren
62%
2022-202323MF ๐Ÿ‡ง๐Ÿ‡ทThiago Mendes
62%
2020-202123MF ๐Ÿ‡ง๐Ÿ‡ทThiago Mendes
62%
2021-202223MF ๐Ÿ‡ง๐Ÿ‡ทThiago Mendes
62%
2019-202012MF ๐Ÿ‡ง๐Ÿ‡ทThiago Mendes
62%
2007-200822DF ๐Ÿ‡ง๐Ÿ‡ทAnderson
60%
2009-20108MF ๐Ÿ‡ง๐Ÿ‡ฆMiralem Pjanic
60%
2011-20128MF ๐Ÿ‡ง๐Ÿ‡ฆMiralem Pjanic
60%
2010-20118MF ๐Ÿ‡ง๐Ÿ‡ฆMiralem Pjanic
60%
2008-200918MF ๐Ÿ‡ง๐Ÿ‡ฆMiralem Pjanic
60%
2012-201323DF ๐Ÿ‡ซ๐Ÿ‡ทSamuel Umtiti
60%
2011-201223DF ๐Ÿ‡ซ๐Ÿ‡ทSamuel Umtiti
60%
2013-201423DF ๐Ÿ‡ซ๐Ÿ‡ทSamuel Umtiti
60%
2014-201523DF ๐Ÿ‡ซ๐Ÿ‡ทSamuel Umtiti
60%
2015-201623DF ๐Ÿ‡ซ๐Ÿ‡ทSamuel Umtiti
60%
2021-202239MF ๐Ÿ‡ง๐Ÿ‡ทBruno Guimarรฃes
58%
2020-202139MF ๐Ÿ‡ง๐Ÿ‡ทBruno Guimarรฃes
58%
2019-202039MF ๐Ÿ‡ง๐Ÿ‡ทBruno Guimarรฃes
58%
2002-20038MF ๐Ÿ‡ง๐Ÿ‡ทJuninho Pernambucano
58%
2001-200212MF ๐Ÿ‡ง๐Ÿ‡ทJuninho Pernambucano
58%
2006-20078MF ๐Ÿ‡ง๐Ÿ‡ทJuninho Pernambucano
58%
2005-20068MF ๐Ÿ‡ง๐Ÿ‡ทJuninho Pernambucano
58%
2008-20098MF ๐Ÿ‡ง๐Ÿ‡ทJuninho Pernambucano
58%
2004-20058MF ๐Ÿ‡ง๐Ÿ‡ทJuninho Pernambucano
58%
2003-20048MF ๐Ÿ‡ง๐Ÿ‡ทJuninho Pernambucano
58%
2007-20088MF ๐Ÿ‡ง๐Ÿ‡ทJuninho Pernambucano
58%
2020-202112MF ๐Ÿ‡ง๐Ÿ‡ทLucas Paquetรก
58%
2021-202210MF ๐Ÿ‡ง๐Ÿ‡ทLucas Paquetรก
58%
2022-202318MF ๐Ÿ‡ซ๐Ÿ‡ทRayan Cherki
58%
2019-202018MF ๐Ÿ‡ซ๐Ÿ‡ทRayan Cherki
58%
2020-202118MF ๐Ÿ‡ซ๐Ÿ‡ทRayan Cherki
58%
2021-202218MF ๐Ÿ‡ซ๐Ÿ‡ทRayan Cherki
58%
2003-200414FW ๐Ÿ‡ซ๐Ÿ‡ทSidney Govou
58%
2002-200314FW ๐Ÿ‡ซ๐Ÿ‡ทSidney Govou
58%
2005-200614FW ๐Ÿ‡ซ๐Ÿ‡ทSidney Govou
58%
2004-200514FW ๐Ÿ‡ซ๐Ÿ‡ทSidney Govou
58%
2008-200914FW ๐Ÿ‡ซ๐Ÿ‡ทSidney Govou
58%
2001-200214FW ๐Ÿ‡ซ๐Ÿ‡ทSidney Govou
58%
2009-201014FW ๐Ÿ‡ซ๐Ÿ‡ทSidney Govou
58%
2006-200714FW ๐Ÿ‡ซ๐Ÿ‡ทSidney Govou
58%
2007-200814FW ๐Ÿ‡ซ๐Ÿ‡ทSidney Govou
58%
2000-200114FW ๐Ÿ‡ซ๐Ÿ‡ทSidney Govou
58%
2006-200721MF ๐Ÿ‡ต๐Ÿ‡นTiago Mendes
58%
2005-200621MF ๐Ÿ‡ต๐Ÿ‡นTiago Mendes
58%
2007-200818MF ๐Ÿ‡ซ๐Ÿ‡ทHatem Ben Arfa
56%
2006-200718MF ๐Ÿ‡ซ๐Ÿ‡ทHatem Ben Arfa
56%
2005-200618MF ๐Ÿ‡ซ๐Ÿ‡ทHatem Ben Arfa
56%
2004-200534MF ๐Ÿ‡ซ๐Ÿ‡ทHatem Ben Arfa
56%
2010-201121MF ๐Ÿ‡ซ๐Ÿ‡ทMaxime Gonalons
56%
2012-201321MF ๐Ÿ‡ซ๐Ÿ‡ทMaxime Gonalons
56%
2015-201621MF ๐Ÿ‡ซ๐Ÿ‡ทMaxime Gonalons
56%
2016-201721MF ๐Ÿ‡ซ๐Ÿ‡ทMaxime Gonalons
56%
2011-201221MF ๐Ÿ‡ซ๐Ÿ‡ทMaxime Gonalons
56%
2009-201041MF ๐Ÿ‡ซ๐Ÿ‡ทMaxime Gonalons
56%
2014-201521MF ๐Ÿ‡ซ๐Ÿ‡ทMaxime Gonalons
56%
2013-201421MF ๐Ÿ‡ซ๐Ÿ‡ทMaxime Gonalons
56%
2014-201527FW ๐Ÿ‡จ๐Ÿ‡ฎMaxwel Cornet
56%
2019-202027FW ๐Ÿ‡จ๐Ÿ‡ฎMaxwel Cornet
56%
2017-201827FW ๐Ÿ‡จ๐Ÿ‡ฎMaxwel Cornet
56%
2016-201727FW ๐Ÿ‡จ๐Ÿ‡ฎMaxwel Cornet
56%
2018-201927FW ๐Ÿ‡จ๐Ÿ‡ฎMaxwel Cornet
56%
2015-201627FW ๐Ÿ‡จ๐Ÿ‡ฎMaxwel Cornet
56%
2020-202127FW ๐Ÿ‡จ๐Ÿ‡ฎMaxwel Cornet
56%
2003-20044MF ๐Ÿ‡ฌ๐Ÿ‡ญMichael Essien
56%
2004-20054MF ๐Ÿ‡ฌ๐Ÿ‡ญMichael Essien
56%
2003-200411FW ๐Ÿ‡ฌ๐Ÿ‡ซFlorent Malouda
54%
2004-200510FW ๐Ÿ‡ฌ๐Ÿ‡ซFlorent Malouda
54%
2005-200610FW ๐Ÿ‡ฌ๐Ÿ‡ซFlorent Malouda
54%
2006-200710FW ๐Ÿ‡ฌ๐Ÿ‡ซFlorent Malouda
54%
2011-20126MF ๐Ÿ‡ธ๐Ÿ‡ชKim Kรคllstrรถm
54%
2007-20086MF ๐Ÿ‡ธ๐Ÿ‡ชKim Kรคllstrรถm
54%
2010-20116MF ๐Ÿ‡ธ๐Ÿ‡ชKim Kรคllstrรถm
54%
2008-20096MF ๐Ÿ‡ธ๐Ÿ‡ชKim Kรคllstrรถm
54%
2009-20106MF ๐Ÿ‡ธ๐Ÿ‡ชKim Kรคllstrรถm
54%
2006-20076MF ๐Ÿ‡ธ๐Ÿ‡ชKim Kรคllstrรถm
54%
2017-201820DF ๐Ÿ‡ง๐Ÿ‡ทMarรงal
54%
2020-202120DF ๐Ÿ‡ง๐Ÿ‡ทMarรงal
54%
2018-201920DF ๐Ÿ‡ง๐Ÿ‡ทMarรงal
54%
2019-202020DF ๐Ÿ‡ง๐Ÿ‡ทMarรงal
54%
2018-201925MF ๐Ÿ‡ซ๐Ÿ‡ทMaxence Caqueret
54%
2022-20236MF ๐Ÿ‡ซ๐Ÿ‡ทMaxence Caqueret
54%
2020-202125MF ๐Ÿ‡ซ๐Ÿ‡ทMaxence Caqueret
54%
2021-202225MF ๐Ÿ‡ซ๐Ÿ‡ทMaxence Caqueret
54%
2019-202025MF ๐Ÿ‡ซ๐Ÿ‡ทMaxence Caqueret
54%
2011-201211MF ๐Ÿ‡ง๐Ÿ‡ทMichel Bastos
54%
2010-201111MF ๐Ÿ‡ง๐Ÿ‡ทMichel Bastos
54%
2009-20107MF ๐Ÿ‡ง๐Ÿ‡ทMichel Bastos
54%
2012-201311MF ๐Ÿ‡ง๐Ÿ‡ทMichel Bastos
54%
2010-201129MF ๐Ÿ‡ซ๐Ÿ‡ทYoann Gourcuff
54%
2013-20148MF ๐Ÿ‡ซ๐Ÿ‡ทYoann Gourcuff
54%
2011-20128MF ๐Ÿ‡ซ๐Ÿ‡ทYoann Gourcuff
54%
2014-20158MF ๐Ÿ‡ซ๐Ÿ‡ทYoann Gourcuff
54%
2012-20138MF ๐Ÿ‡ซ๐Ÿ‡ทYoann Gourcuff
54%
2009-201013DF ๐Ÿ‡ซ๐Ÿ‡ทAnthony Rรฉveillรจre
52%
2012-201313DF ๐Ÿ‡ซ๐Ÿ‡ทAnthony Rรฉveillรจre
52%
2010-201113DF ๐Ÿ‡ซ๐Ÿ‡ทAnthony Rรฉveillรจre
52%
2008-200920DF ๐Ÿ‡ซ๐Ÿ‡ทAnthony Rรฉveillรจre
52%
2011-201213DF ๐Ÿ‡ซ๐Ÿ‡ทAnthony Rรฉveillรจre
52%
2006-200712DF ๐Ÿ‡ซ๐Ÿ‡ทAnthony Rรฉveillรจre
52%
2007-200820DF ๐Ÿ‡ซ๐Ÿ‡ทAnthony Rรฉveillรจre
52%
2003-200412DF ๐Ÿ‡ซ๐Ÿ‡ทAnthony Rรฉveillรจre
52%
2004-200512DF ๐Ÿ‡ซ๐Ÿ‡ทAnthony Rรฉveillรจre
52%
2005-200612DF ๐Ÿ‡ซ๐Ÿ‡ทAnthony Rรฉveillรจre
52%
2009-201018FW ๐Ÿ‡ซ๐Ÿ‡ทBafรฉtimbi Gomis
52%
2013-201418FW ๐Ÿ‡ซ๐Ÿ‡ทBafรฉtimbi Gomis
52%
2010-201118FW ๐Ÿ‡ซ๐Ÿ‡ทBafรฉtimbi Gomis
52%
2011-201218FW ๐Ÿ‡ซ๐Ÿ‡ทBafรฉtimbi Gomis
52%
2012-201318FW ๐Ÿ‡ซ๐Ÿ‡ทBafรฉtimbi Gomis
52%
2015-201613DF ๐Ÿ‡ซ๐Ÿ‡ทChristophe Jallet
52%
2014-201513DF ๐Ÿ‡ซ๐Ÿ‡ทChristophe Jallet
52%
2016-201713DF ๐Ÿ‡ซ๐Ÿ‡ทChristophe Jallet
52%
2017-201822DF ๐Ÿ‡ซ๐Ÿ‡ทFerland Mendy
50%
2018-201922DF ๐Ÿ‡ซ๐Ÿ‡ทFerland Mendy
50%
2022-202317DF ๐Ÿ‡ฉ๐Ÿ‡ชJรฉrรดme Boateng
50%
2021-202227DF ๐Ÿ‡ฉ๐Ÿ‡ชJรฉrรดme Boateng
50%
2022-20233DF ๐Ÿ‡ฆ๐Ÿ‡ทNicolรกs Tagliafico
50%
2021-202211FW ๐Ÿ‡ฟ๐Ÿ‡ผTino Kadewere
50%
2020-202111FW ๐Ÿ‡ฟ๐Ÿ‡ผTino Kadewere
50%
2014-20157MF ๐Ÿ‡ซ๐Ÿ‡ทClรฉment Grenier
46%
2015-20167MF ๐Ÿ‡ซ๐Ÿ‡ทClรฉment Grenier
46%
2009-201022MF ๐Ÿ‡ซ๐Ÿ‡ทClรฉment Grenier
46%
2011-20127MF ๐Ÿ‡ซ๐Ÿ‡ทClรฉment Grenier
46%
2010-201122MF ๐Ÿ‡ซ๐Ÿ‡ทClรฉment Grenier
46%
2012-20137MF ๐Ÿ‡ซ๐Ÿ‡ทClรฉment Grenier
46%
2013-20147MF ๐Ÿ‡ซ๐Ÿ‡ทClรฉment Grenier
46%
2020-20213DF ๐Ÿ‡ฉ๐Ÿ‡ฐJoachim Andersen
46%
2019-20203DF ๐Ÿ‡ฉ๐Ÿ‡ฐJoachim Andersen
46%
2022-202327DF ๐Ÿ‡ซ๐Ÿ‡ทMalo Gusto
46%
2021-202217DF ๐Ÿ‡ซ๐Ÿ‡ทMalo Gusto
46%
2019-20206DF ๐Ÿ‡ง๐Ÿ‡ทMarcelo
46%
2020-20216DF ๐Ÿ‡ง๐Ÿ‡ทMarcelo
46%
2018-20196DF ๐Ÿ‡ง๐Ÿ‡ทMarcelo
46%
2017-20186DF ๐Ÿ‡ง๐Ÿ‡ทMarcelo
46%
2006-200715MF ๐Ÿ‡ซ๐Ÿ‡ทAlou Diarra
44%
2022-202326FW ๐Ÿ‡ซ๐Ÿ‡ทBradley Barcola
44%
2015-201615DF ๐Ÿ‡ฒ๐Ÿ‡ฌJรฉrรฉmy Morel
44%
2018-201915DF ๐Ÿ‡ฒ๐Ÿ‡ฌJรฉrรฉmy Morel
44%
2017-201815DF ๐Ÿ‡ฒ๐Ÿ‡ฌJรฉrรฉmy Morel
44%
2016-201715DF ๐Ÿ‡ฒ๐Ÿ‡ฌJรฉrรฉmy Morel
44%
2003-20047MF ๐Ÿ‡ฒ๐Ÿ‡ฑMahamadou Diarra
44%
2005-20067MF ๐Ÿ‡ฒ๐Ÿ‡ฑMahamadou Diarra
44%
2004-20057MF ๐Ÿ‡ฒ๐Ÿ‡ฑMahamadou Diarra
44%
2002-20037MF ๐Ÿ‡ฒ๐Ÿ‡ฑMahamadou Diarra
44%
2021-20222DF ๐Ÿ‡จ๐Ÿ‡ฎSinaly Diomandรฉ
44%
2020-20212DF ๐Ÿ‡จ๐Ÿ‡ฎSinaly Diomandรฉ
44%
2022-20232DF ๐Ÿ‡จ๐Ÿ‡ฎSinaly Diomandรฉ
44%
2021-202228MF ๐Ÿ‡ซ๐Ÿ‡ทTanguy Ndombรฉlรฉ
44%
2018-201928MF ๐Ÿ‡ซ๐Ÿ‡ทTanguy Ndombรฉlรฉ
44%
2017-201828MF ๐Ÿ‡ซ๐Ÿ‡ทTanguy Ndombรฉlรฉ
44%
2022-20237FW ๐Ÿ‡ธ๐Ÿ‡ชAmin Sarr
42%
2021-20223DF ๐Ÿ‡ฎ๐Ÿ‡นEmerson
42%
2010-201128MF ๐Ÿ‡ซ๐Ÿ‡ทJรฉrรฉmy Toulalan
42%
2007-200828MF ๐Ÿ‡ซ๐Ÿ‡ทJรฉrรฉmy Toulalan
42%
2009-201028MF ๐Ÿ‡ซ๐Ÿ‡ทJรฉrรฉmy Toulalan
42%
2006-200728MF ๐Ÿ‡ซ๐Ÿ‡ทJรฉrรฉmy Toulalan
42%
2008-200928MF ๐Ÿ‡ซ๐Ÿ‡ทJรฉrรฉmy Toulalan
42%
2019-202029MF ๐Ÿ‡ซ๐Ÿ‡ทLucas Tousart
42%
2017-201829MF ๐Ÿ‡ซ๐Ÿ‡ทLucas Tousart
42%
2018-201929MF ๐Ÿ‡ซ๐Ÿ‡ทLucas Tousart
42%
2016-201729MF ๐Ÿ‡ซ๐Ÿ‡ทLucas Tousart
42%
2013-201415DF ๐Ÿ‡ธ๐Ÿ‡ณNaby Sarr
42%
2016-20173DF ๐Ÿ‡จ๐Ÿ‡ฒNicolas N'Koulou
42%
2015-201620DF ๐Ÿ‡ง๐Ÿ‡ทRafael
42%
2016-201720DF ๐Ÿ‡ง๐Ÿ‡ทRafael
42%
2019-20204DF ๐Ÿ‡ง๐Ÿ‡ทRafael
42%
2017-20184DF ๐Ÿ‡ง๐Ÿ‡ทRafael
42%
2018-20194DF ๐Ÿ‡ง๐Ÿ‡ทRafael
42%
2002-20039FW ๐Ÿ‡ง๐Ÿ‡ทSonny Anderson
42%
2001-20029FW ๐Ÿ‡ง๐Ÿ‡ทSonny Anderson
42%
2000-20019FW ๐Ÿ‡ง๐Ÿ‡ทSonny Anderson
42%
2018-201923DF ๐Ÿ‡ณ๐Ÿ‡ฑKenny Tete
40%
2019-202023DF ๐Ÿ‡ณ๐Ÿ‡ฑKenny Tete
40%
2017-201823DF ๐Ÿ‡ณ๐Ÿ‡ฑKenny Tete
40%
2016-201728MF ๐Ÿ‡ซ๐Ÿ‡ทMathieu Valbuena
40%
2015-201619MF ๐Ÿ‡ซ๐Ÿ‡ทMathieu Valbuena
40%
2022-202311FW ๐Ÿ‡ง๐Ÿ‡ทTetรช
40%
2021-202220FW ๐Ÿ‡ง๐Ÿ‡ทTetรช
40%
2022-20234DF ๐Ÿ‡ซ๐Ÿ‡ทCastello Lukeba
38%
2021-20224DF ๐Ÿ‡ซ๐Ÿ‡ทCastello Lukeba
38%
2000-200131DF ๐Ÿ‡ง๐Ÿ‡ทClรกudio Caรงapa
38%
2006-20075DF ๐Ÿ‡ง๐Ÿ‡ทClรกudio Caรงapa
38%
2004-20055DF ๐Ÿ‡ง๐Ÿ‡ทClรกudio Caรงapa
38%
2003-20045DF ๐Ÿ‡ง๐Ÿ‡ทClรกudio Caรงapa
38%
2001-200231DF ๐Ÿ‡ง๐Ÿ‡ทClรกudio Caรงapa
38%
2002-20035DF ๐Ÿ‡ง๐Ÿ‡ทClรกudio Caรงapa
38%
2005-20065DF ๐Ÿ‡ง๐Ÿ‡ทClรกudio Caรงapa
38%
2022-20235DF ๐Ÿ‡ซ๐Ÿ‡ทDamien Da Silva
38%
2021-202221DF ๐Ÿ‡ซ๐Ÿ‡ทDamien Da Silva
38%
2008-200911DF ๐Ÿ‡ฎ๐Ÿ‡นFabio Grosso
38%
2007-200811DF ๐Ÿ‡ฎ๐Ÿ‡นFabio Grosso
38%
2020-202114DF ๐Ÿ‡ซ๐Ÿ‡ทLรฉo Dubois
38%
2019-202014DF ๐Ÿ‡ซ๐Ÿ‡ทLรฉo Dubois
38%
2021-202214DF ๐Ÿ‡ซ๐Ÿ‡ทLรฉo Dubois
38%
2018-201914DF ๐Ÿ‡ซ๐Ÿ‡ทLรฉo Dubois
38%
2007-20089FW ๐Ÿ‡จ๐Ÿ‡ฟMilan Baros
38%
2006-20077FW ๐Ÿ‡จ๐Ÿ‡ฟMilan Baros
38%
2015-20164DF ๐Ÿ‡ง๐Ÿ‡ซBakary Konรฉ
36%
2011-20124DF ๐Ÿ‡ง๐Ÿ‡ซBakary Konรฉ
36%
2013-20144DF ๐Ÿ‡ง๐Ÿ‡ซBakary Konรฉ
36%
2014-20154DF ๐Ÿ‡ง๐Ÿ‡ซBakary Konรฉ
36%
2012-20134DF ๐Ÿ‡ง๐Ÿ‡ซBakary Konรฉ
36%
2005-200620DF ๐Ÿ‡ซ๐Ÿ‡ทร‰ric Abidal
36%
2004-200520DF ๐Ÿ‡ซ๐Ÿ‡ทร‰ric Abidal
36%
2006-200720DF ๐Ÿ‡ซ๐Ÿ‡ทร‰ric Abidal
36%
2007-20089FW ๐Ÿ‡ง๐Ÿ‡ทFred
36%
2006-200711FW ๐Ÿ‡ง๐Ÿ‡ทFred
36%
2008-20099FW ๐Ÿ‡ง๐Ÿ‡ทFred
36%
2005-200611FW ๐Ÿ‡ง๐Ÿ‡ทFred
36%
2021-202212DF ๐Ÿ‡ง๐Ÿ‡ทHenrique Silva
36%
2022-202312DF ๐Ÿ‡ง๐Ÿ‡ทHenrique Silva
36%
2005-20069FW ๐Ÿ‡ณ๐Ÿ‡ดJohn Carew
36%
2006-20079FW ๐Ÿ‡ณ๐Ÿ‡ดJohn Carew
36%
2015-201611FW ๐Ÿ‡ฉ๐Ÿ‡ฟRachid Ghezzal
36%
2016-201711FW ๐Ÿ‡ฉ๐Ÿ‡ฟRachid Ghezzal
36%
2014-201511FW ๐Ÿ‡ฉ๐Ÿ‡ฟRachid Ghezzal
36%
2012-201331FW ๐Ÿ‡ฉ๐Ÿ‡ฟRachid Ghezzal
36%
2006-200730GK ๐Ÿ‡ซ๐Ÿ‡ทRรฉmy Vercoutre
36%
2007-200830GK ๐Ÿ‡ซ๐Ÿ‡ทRรฉmy Vercoutre
36%
2008-200930GK ๐Ÿ‡ซ๐Ÿ‡ทRรฉmy Vercoutre
36%
2002-200325GK ๐Ÿ‡ซ๐Ÿ‡ทRรฉmy Vercoutre
36%
2013-20141GK ๐Ÿ‡ซ๐Ÿ‡ทRรฉmy Vercoutre
36%
2010-201130GK ๐Ÿ‡ซ๐Ÿ‡ทRรฉmy Vercoutre
36%
2005-200630GK ๐Ÿ‡ซ๐Ÿ‡ทRรฉmy Vercoutre
36%
2012-20131GK ๐Ÿ‡ซ๐Ÿ‡ทRรฉmy Vercoutre
36%
2003-200425GK ๐Ÿ‡ซ๐Ÿ‡ทRรฉmy Vercoutre
36%
2011-201230GK ๐Ÿ‡ซ๐Ÿ‡ทRรฉmy Vercoutre
36%
2009-201030GK ๐Ÿ‡ซ๐Ÿ‡ทRรฉmy Vercoutre
36%
2016-201714MF ๐Ÿ‡ช๐Ÿ‡ธSergi Darder
36%
2015-201614MF ๐Ÿ‡ช๐Ÿ‡ธSergi Darder
36%
2017-201814MF ๐Ÿ‡ช๐Ÿ‡ธSergi Darder
36%
2019-202028DF ๐Ÿ‡ฒ๐Ÿ‡ฑYoussouf Konรฉ
36%
2014-20153DF ๐Ÿ‡จ๐Ÿ‡ฒHenri Bedimo
34%
2013-20143DF ๐Ÿ‡จ๐Ÿ‡ฒHenri Bedimo
34%
2015-20163DF ๐Ÿ‡จ๐Ÿ‡ฒHenri Bedimo
34%
2017-20182DF ๐Ÿ‡ซ๐Ÿ‡ทMapou Yanga-Mbiwa
34%
2015-20162DF ๐Ÿ‡ซ๐Ÿ‡ทMapou Yanga-Mbiwa
34%
2016-20172DF ๐Ÿ‡ซ๐Ÿ‡ทMapou Yanga-Mbiwa
34%
2013-20145DF ๐Ÿ‡ท๐Ÿ‡ธMilan Bisevac
34%
2015-20165DF ๐Ÿ‡ท๐Ÿ‡ธMilan Bisevac
34%
2014-20155DF ๐Ÿ‡ท๐Ÿ‡ธMilan Bisevac
34%
2012-201315DF ๐Ÿ‡ท๐Ÿ‡ธMilan Bisevac
34%
2022-202335GK ๐Ÿ‡ซ๐Ÿ‡ทRรฉmy Riou
34%
2005-200622FW ๐Ÿ‡ซ๐Ÿ‡ทSylvain Wiltord
34%
2004-200522FW ๐Ÿ‡ซ๐Ÿ‡ทSylvain Wiltord
34%
2006-200722FW ๐Ÿ‡ซ๐Ÿ‡ทSylvain Wiltord
34%
2007-200823FW ๐Ÿ‡จ๐Ÿ‡ฎAbdul Kader Keita
32%
2008-200923FW ๐Ÿ‡จ๐Ÿ‡ฎAbdul Kader Keita
32%
2019-202019FW ๐Ÿ‡ซ๐Ÿ‡ทAmine Gouiri
32%
2017-201819FW ๐Ÿ‡ซ๐Ÿ‡ทAmine Gouiri
32%
2014-201520FW ๐Ÿ‡จ๐Ÿ‡ฒClinton N'Jie
32%
2022-202347FW ๐Ÿ‡ง๐Ÿ‡ทJeffinho
32%
2017-201812MF ๐Ÿ‡ซ๐Ÿ‡ทJordan Ferri
32%
2013-201412MF ๐Ÿ‡ซ๐Ÿ‡ทJordan Ferri
32%
2018-201912MF ๐Ÿ‡ซ๐Ÿ‡ทJordan Ferri
32%
2012-201349MF ๐Ÿ‡ซ๐Ÿ‡ทJordan Ferri
32%
2016-201712MF ๐Ÿ‡ซ๐Ÿ‡ทJordan Ferri
32%
2015-201612MF ๐Ÿ‡ซ๐Ÿ‡ทJordan Ferri
32%
2014-201512MF ๐Ÿ‡ซ๐Ÿ‡ทJordan Ferri
32%
2018-20197FW ๐Ÿ‡ซ๐Ÿ‡ทMartin Terrier
32%
2019-20207FW ๐Ÿ‡ซ๐Ÿ‡ทMartin Terrier
32%
2022-202320DF ๐Ÿ‡ซ๐Ÿ‡ทSaรซl Kumbedi
32%
2019-202030GK ๐Ÿ‡ท๐Ÿ‡ดCiprian Tatarusanu
30%
2020-202122DF ๐Ÿ‡ฎ๐Ÿ‡นMattia De Sciglio
30%
2007-200829DF ๐Ÿ‡ซ๐Ÿ‡ทSรฉbastien Squillaci
30%
2006-200729DF ๐Ÿ‡ซ๐Ÿ‡ทSรฉbastien Squillaci
30%
2007-200832DF ๐Ÿ‡ซ๐Ÿ‡ทJean-Alain Boumsong
28%
2008-20094DF ๐Ÿ‡ซ๐Ÿ‡ทJean-Alain Boumsong
28%
2009-20104DF ๐Ÿ‡ซ๐Ÿ‡ทJean-Alain Boumsong
28%
2016-201731DF ๐Ÿ‡ต๐Ÿ‡ฑMaciej Rybus
28%
2005-20064DF ๐Ÿ‡จ๐Ÿ‡ญPatrick Mรผller
28%
2006-20074DF ๐Ÿ‡จ๐Ÿ‡ญPatrick Mรผller
28%
2007-20084DF ๐Ÿ‡จ๐Ÿ‡ญPatrick Mรผller
28%
2002-200320DF ๐Ÿ‡จ๐Ÿ‡ญPatrick Mรผller
28%
2001-200220DF ๐Ÿ‡จ๐Ÿ‡ญPatrick Mรผller
28%
2000-200121DF ๐Ÿ‡จ๐Ÿ‡ญPatrick Mรผller
28%
2003-200420DF ๐Ÿ‡จ๐Ÿ‡ญPatrick Mรผller
28%
2010-201120DF ๐Ÿ‡ซ๐Ÿ‡ทAly Cissokho
26%
2009-201020DF ๐Ÿ‡ซ๐Ÿ‡ทAly Cissokho
26%
2011-201220DF ๐Ÿ‡ซ๐Ÿ‡ทAly Cissokho
26%
2012-201320DF ๐Ÿ‡ซ๐Ÿ‡ทAly Cissokho
26%
2008-200919FW ๐Ÿ‡ฆ๐Ÿ‡ทCรฉsar Delgado
26%
2010-201119FW ๐Ÿ‡ฆ๐Ÿ‡ทCรฉsar Delgado
26%
2007-200819FW ๐Ÿ‡ฆ๐Ÿ‡ทCรฉsar Delgado
26%
2009-201019FW ๐Ÿ‡ฆ๐Ÿ‡ทCรฉsar Delgado
26%
2002-200337FW ๐Ÿ‡ธ๐Ÿ‡ณDemba Tourรฉ
26%
2020-202120FW ๐Ÿ‡ฉ๐Ÿ‡ฟIslam Slimani
26%
2021-202220FW ๐Ÿ‡ฉ๐Ÿ‡ฟIslam Slimani
26%
2008-200917MF ๐Ÿ‡จ๐Ÿ‡ฒJean Makoun
26%
2009-201017MF ๐Ÿ‡จ๐Ÿ‡ฒJean Makoun
26%
2010-201117MF ๐Ÿ‡จ๐Ÿ‡ฒJean Makoun
26%
2011-201219FW ๐Ÿ‡ซ๐Ÿ‡ทJimmy Briand
26%
2010-20117FW ๐Ÿ‡ซ๐Ÿ‡ทJimmy Briand
26%
2013-201419FW ๐Ÿ‡ซ๐Ÿ‡ทJimmy Briand
26%
2012-201319FW ๐Ÿ‡ซ๐Ÿ‡ทJimmy Briand
26%
2022-202324MF ๐Ÿ‡ซ๐Ÿ‡ทJohann Lepenant
26%
2020-202130GK ๐Ÿ‡ฉ๐Ÿ‡ชJulian Pollersbeck
26%
2021-202230GK ๐Ÿ‡ฉ๐Ÿ‡ชJulian Pollersbeck
26%
2017-201830GK ๐Ÿ‡ซ๐Ÿ‡ทMathieu Gorgelin
26%
2016-201730GK ๐Ÿ‡ซ๐Ÿ‡ทMathieu Gorgelin
26%
2018-201930GK ๐Ÿ‡ซ๐Ÿ‡ทMathieu Gorgelin
26%
2015-201630GK ๐Ÿ‡ซ๐Ÿ‡ทMathieu Gorgelin
26%
2021-202229MF ๐Ÿ‡จ๐Ÿ‡ญXherdan Shaqiri
26%
2000-20013MF ๐Ÿ‡ง๐Ÿ‡ทEdmรญlson
24%
2002-20033MF ๐Ÿ‡ง๐Ÿ‡ทEdmรญlson
24%
2001-20023MF ๐Ÿ‡ง๐Ÿ‡ทEdmรญlson
24%
2003-20043MF ๐Ÿ‡ง๐Ÿ‡ทEdmรญlson
24%
2017-20185DF ๐Ÿ‡ฌ๐Ÿ‡ณMouctar Diakhaby
24%
2016-20175DF ๐Ÿ‡ฌ๐Ÿ‡ณMouctar Diakhaby
24%
2012-201317MF ๐Ÿ‡ซ๐Ÿ‡ทSteed Malbranque
24%
2014-201517MF ๐Ÿ‡ซ๐Ÿ‡ทSteed Malbranque
24%
2000-200118MF ๐Ÿ‡ซ๐Ÿ‡ทSteed Malbranque
24%
2015-201617MF ๐Ÿ‡ซ๐Ÿ‡ทSteed Malbranque
24%
2013-201417MF ๐Ÿ‡ซ๐Ÿ‡ทSteed Malbranque
24%
2016-20174DF ๐Ÿ‡ฆ๐Ÿ‡ทEmanuel Mammana
22%
2000-20015DF ๐Ÿ‡ต๐Ÿ‡ฑJacek Bak
22%
2001-20025DF ๐Ÿ‡ต๐Ÿ‡ฑJacek Bak
22%
2002-200318FW ๐Ÿ‡ซ๐Ÿ‡ทPรฉguy Luyindula
22%
2001-200218FW ๐Ÿ‡ซ๐Ÿ‡ทPรฉguy Luyindula
22%
2003-200418FW ๐Ÿ‡ซ๐Ÿ‡ทPรฉguy Luyindula
22%
2013-201425MF ๐Ÿ‡ฉ๐Ÿ‡ฟYassine Benzia
22%
2014-201525MF ๐Ÿ‡ฉ๐Ÿ‡ฟYassine Benzia
22%
2012-201325MF ๐Ÿ‡ฉ๐Ÿ‡ฟYassine Benzia
22%
2008-20097MF ๐Ÿ‡ง๐Ÿ‡ทEderson
20%
2011-201210MF ๐Ÿ‡ง๐Ÿ‡ทEderson
20%
2009-201010MF ๐Ÿ‡ง๐Ÿ‡ทEderson
20%
2010-201110MF ๐Ÿ‡ง๐Ÿ‡ทEderson
20%
2001-200210MF ๐Ÿ‡ซ๐Ÿ‡ทร‰ric Carriรจre
20%
2003-200410MF ๐Ÿ‡ซ๐Ÿ‡ทร‰ric Carriรจre
20%
2002-200310MF ๐Ÿ‡ซ๐Ÿ‡ทร‰ric Carriรจre
20%
2008-20092DF ๐Ÿ‡ซ๐Ÿ‡ทFranรงois Clerc
20%
2009-20102DF ๐Ÿ‡ซ๐Ÿ‡ทFranรงois Clerc
20%
2007-20082DF ๐Ÿ‡ซ๐Ÿ‡ทFranรงois Clerc
20%
2006-20072DF ๐Ÿ‡ซ๐Ÿ‡ทFranรงois Clerc
20%
2005-200631DF ๐Ÿ‡ซ๐Ÿ‡ทFranรงois Clerc
20%
2011-201215MF ๐Ÿ‡ซ๐Ÿ‡ทGueรฏda Fofana
20%
2012-201315MF ๐Ÿ‡ซ๐Ÿ‡ทGueรฏda Fofana
20%
2013-20146MF ๐Ÿ‡ซ๐Ÿ‡ทGueรฏda Fofana
20%
2020-202117MF ๐Ÿ‡ซ๐Ÿ‡ทJeff Reine-Adรฉlaรฏde
20%
2022-202314MF ๐Ÿ‡ซ๐Ÿ‡ทJeff Reine-Adรฉlaรฏde
20%
2019-202017MF ๐Ÿ‡ซ๐Ÿ‡ทJeff Reine-Adรฉlaรฏde
20%
2007-20085MF ๐Ÿ‡ซ๐Ÿ‡ทMathieu Bodmer
20%
2008-20095MF ๐Ÿ‡ซ๐Ÿ‡ทMathieu Bodmer
20%
2009-20105MF ๐Ÿ‡ซ๐Ÿ‡ทMathieu Bodmer
20%
2013-201427FW ๐Ÿ‡ซ๐Ÿ‡ทAlassane Plea
18%
2008-200939FW ๐Ÿ‡ฒ๐Ÿ‡ถFrรฉdรฉric Piquionne
18%
2003-20049FW ๐Ÿ‡ง๐Ÿ‡ทGiovane Elber
18%
2009-201039FW ๐Ÿ‡ฉ๐Ÿ‡ฟIshak Belfodil
18%
2011-201239FW ๐Ÿ‡ฉ๐Ÿ‡ฟIshak Belfodil
18%
2014-20152DF ๐Ÿ‡ฉ๐Ÿ‡ฟMehdi Zeffane
18%
2013-20142DF ๐Ÿ‡ฉ๐Ÿ‡ฟMehdi Zeffane
18%
2004-200511FW ๐Ÿ‡ง๐Ÿ‡ทNilmar
18%
2005-200611FW ๐Ÿ‡ง๐Ÿ‡ทNilmar
18%
2021-202215MF ๐Ÿ‡ซ๐Ÿ‡ทRomain Faivre
18%
2017-201825MF ๐Ÿ‡ฑ๐Ÿ‡บChristopher Martins Pereira
16%
2020-20213DF ๐Ÿ‡ฉ๐Ÿ‡ฟDjamel Eddine Benlamri
16%
2020-20214MF ๐Ÿ‡ง๐Ÿ‡ทJean Lucas
16%
2019-202022MF ๐Ÿ‡ง๐Ÿ‡ทJean Lucas
16%
2003-200429MF ๐Ÿ‡ซ๐Ÿ‡ทYohann Gomez
16%
2004-200529MF ๐Ÿ‡ซ๐Ÿ‡ทYohann Gomez
16%
2015-201626FW ๐Ÿ‡จ๐Ÿ‡ฉAldo Kalulu
14%
2016-201726FW ๐Ÿ‡จ๐Ÿ‡ฉAldo Kalulu
14%
2014-201528MF ๐Ÿ‡จ๐Ÿ‡ฉArnold Mvuemba
14%
2015-201628MF ๐Ÿ‡จ๐Ÿ‡ฉArnold Mvuemba
14%
2013-201428MF ๐Ÿ‡จ๐Ÿ‡ฉArnold Mvuemba
14%
2012-201328MF ๐Ÿ‡จ๐Ÿ‡ฉArnold Mvuemba
14%
2005-200626MF ๐Ÿ‡ซ๐Ÿ‡ทBenoรฎt Pedretti
14%
2002-200323MF ๐Ÿ‡ซ๐Ÿ‡ทFlorent Balmont
14%
2001-200229MF ๐Ÿ‡ซ๐Ÿ‡ทFlorent Balmont
14%
2014-201526FW ๐Ÿ‡ซ๐Ÿ‡ทGaรซl Danic
14%
2013-201420FW ๐Ÿ‡ซ๐Ÿ‡ทGaรซl Danic
14%
2000-200117MF ๐Ÿ‡จ๐Ÿ‡ฒMarc-Vivien Foรฉ
14%
2001-200217MF ๐Ÿ‡จ๐Ÿ‡ฒMarc-Vivien Foรฉ
14%
2018-201924MF ๐Ÿ‡ธ๐Ÿ‡ณPape Cheikh
14%
2017-201824MF ๐Ÿ‡ธ๐Ÿ‡ณPape Cheikh
14%
2004-200513FW ๐Ÿ‡ซ๐Ÿ‡ทPierre-Alain Frau
14%
2005-200613FW ๐Ÿ‡ซ๐Ÿ‡ทPierre-Alain Frau
14%
2002-200324MF ๐Ÿ‡ซ๐Ÿ‡ทVikash Dhorasoo
14%
2003-200424MF ๐Ÿ‡ซ๐Ÿ‡ทVikash Dhorasoo
14%
2000-200110MF ๐Ÿ‡ซ๐Ÿ‡ทVikash Dhorasoo
14%
2017-201813FW ๐Ÿ‡ซ๐Ÿ‡ทWillem Geubbels
14%
2015-20169FW ๐Ÿ‡ฌ๐Ÿ‡ตClaudio Beauvue
12%
2006-200726MF ๐Ÿ‡ง๐Ÿ‡ทFรกbio Santos
12%
2007-200814MF ๐Ÿ‡ง๐Ÿ‡ทFรกbio Santos
12%
2008-200926MF ๐Ÿ‡ง๐Ÿ‡ทFรกbio Santos
12%
2014-201529MF ๐Ÿ‡ซ๐Ÿ‡ทFarรจs Bahlouli
12%
2010-201124DF ๐Ÿ‡ซ๐Ÿ‡ทJรฉrรฉmy Pied
12%
2011-201224DF ๐Ÿ‡ซ๐Ÿ‡ทJรฉrรฉmy Pied
12%
2008-200915DF ๐Ÿ‡ฌ๐Ÿ‡ญJohn Mensah
12%
2007-200812FW ๐Ÿ‡ซ๐Ÿ‡ทLoรฏc Rรฉmy
12%
2006-200734FW ๐Ÿ‡ซ๐Ÿ‡ทLoรฏc Rรฉmy
12%
2011-201214DF ๐Ÿ‡ซ๐Ÿ‡ทMouhamadou Dabo
12%
2012-201314DF ๐Ÿ‡ซ๐Ÿ‡ทMouhamadou Dabo
12%
2013-201414DF ๐Ÿ‡ซ๐Ÿ‡ทMouhamadou Dabo
12%
2014-201514DF ๐Ÿ‡ซ๐Ÿ‡ทMouhamadou Dabo
12%
2017-201817FW ๐Ÿ‡ซ๐Ÿ‡ทMyziane Maolida
12%
2001-20026MF ๐Ÿ‡ซ๐Ÿ‡ทPhilippe Violeau
12%
2002-20036MF ๐Ÿ‡ซ๐Ÿ‡ทPhilippe Violeau
12%
2003-20046MF ๐Ÿ‡ซ๐Ÿ‡ทPhilippe Violeau
12%
2000-20016MF ๐Ÿ‡ซ๐Ÿ‡ทPhilippe Violeau
12%
2011-201212DF ๐Ÿ‡ซ๐Ÿ‡ทTimothรฉe Kolodziejczak
12%
2010-201112DF ๐Ÿ‡ซ๐Ÿ‡ทTimothรฉe Kolodziejczak
12%
2009-201012DF ๐Ÿ‡ซ๐Ÿ‡ทTimothรฉe Kolodziejczak
12%
2009-201029MF ๐Ÿ‡ฉ๐Ÿ‡ฟYannis Tafer
12%
2008-200927FW ๐Ÿ‡ซ๐Ÿ‡ทAnthony Mounier
10%
2000-20012DF ๐Ÿ‡ง๐Ÿ‡ชEric Deflandre
10%
2001-20022DF ๐Ÿ‡ง๐Ÿ‡ชEric Deflandre
10%
2003-20042DF ๐Ÿ‡ง๐Ÿ‡ชEric Deflandre
10%
2002-20032DF ๐Ÿ‡ง๐Ÿ‡ชEric Deflandre
10%
2004-200515DF ๐Ÿ‡ธ๐Ÿ‡ณLamine Diatta
10%
2005-200615DF ๐Ÿ‡ธ๐Ÿ‡ณLamine Diatta
10%
2014-201522DF ๐Ÿ‡ฒ๐Ÿ‡บLindsay Rose
10%
2020-202126DF ๐Ÿ‡ซ๐Ÿ‡ทMelvin Bard
10%
2010-20114DF ๐Ÿ‡ธ๐Ÿ‡ณPape Diakhatรฉ
10%
2001-20028MF ๐Ÿ‡ซ๐Ÿ‡ทPierre Laigle
10%
2000-20018MF ๐Ÿ‡ซ๐Ÿ‡ทPierre Laigle
10%
2000-200112DF ๐Ÿ‡ซ๐Ÿ‡ทSerge Blanc
10%
2004-200531MF ๐Ÿ‡ซ๐Ÿ‡ทBryan Bergougnoux
8%
2003-200431MF ๐Ÿ‡ซ๐Ÿ‡ทBryan Bergougnoux
8%
2012-201320DF ๐Ÿ‡ฆ๐Ÿ‡ทFabiรกn Monzรณn
8%
2001-200221FW ๐Ÿ‡ซ๐Ÿ‡ทFrรฉdรฉric Nรฉe
8%
2002-200321FW ๐Ÿ‡ซ๐Ÿ‡ทFrรฉdรฉric Nรฉe
8%
2010-201115FW ๐Ÿ‡ฒ๐Ÿ‡ถHarry Novillo
8%
2004-200523DF ๐Ÿ‡ซ๐Ÿ‡ทJรฉrรฉmy Berthod
8%
2005-200623DF ๐Ÿ‡ซ๐Ÿ‡ทJรฉrรฉmy Berthod
8%
2003-200423DF ๐Ÿ‡ซ๐Ÿ‡ทJรฉrรฉmy Berthod
8%
2006-200723DF ๐Ÿ‡ซ๐Ÿ‡ทJรฉrรฉmy Berthod
8%
2003-200426MF ๐Ÿ‡ซ๐Ÿ‡ทJรฉrรฉmy Clรฉment
8%
2004-200526MF ๐Ÿ‡ซ๐Ÿ‡ทJรฉrรฉmy Clรฉment
8%
2005-20066MF ๐Ÿ‡ซ๐Ÿ‡ทJรฉrรฉmy Clรฉment
8%
2010-20112DF ๐Ÿ‡ธ๐Ÿ‡ณLamine Gassama
8%
2008-200932DF ๐Ÿ‡ธ๐Ÿ‡ณLamine Gassama
8%
2009-201032DF ๐Ÿ‡ธ๐Ÿ‡ณLamine Gassama
8%
2007-200821MF ๐Ÿ‡ช๐Ÿ‡ธMarc Crosas
8%
2007-200821DF ๐Ÿ‡ฉ๐Ÿ‡ฟNadir Belhadj
8%
2018-201926DF ๐Ÿ‡ซ๐Ÿ‡ทOumar Solet
8%
2001-20027FW ๐Ÿ‡ซ๐Ÿ‡ทSteve Marlet
8%
2000-20017FW ๐Ÿ‡ซ๐Ÿ‡ทSteve Marlet
8%
2003-200415DF ๐Ÿ‡ซ๐Ÿ‡ทChristophe Delmotte
6%
2002-200315DF ๐Ÿ‡ซ๐Ÿ‡ทChristophe Delmotte
6%
2000-200115DF ๐Ÿ‡ซ๐Ÿ‡ทChristophe Delmotte
6%
2001-200215DF ๐Ÿ‡ซ๐Ÿ‡ทChristophe Delmotte
6%
2000-200119DF ๐Ÿ‡ซ๐Ÿ‡ทJean-Marc Chanelet
6%
2002-200319DF ๐Ÿ‡ซ๐Ÿ‡ทJean-Marc Chanelet
6%
2001-200219DF ๐Ÿ‡ซ๐Ÿ‡ทJean-Marc Chanelet
6%
2016-201719FW ๐Ÿ‡ซ๐Ÿ‡ทJean-Philippe Mateta
6%
2000-200126DF ๐Ÿ‡ซ๐Ÿ‡ทJรฉrรฉmie Brรฉchet
6%
2001-200213DF ๐Ÿ‡ซ๐Ÿ‡ทJรฉrรฉmie Brรฉchet
6%
2002-200313DF ๐Ÿ‡ซ๐Ÿ‡ทJรฉrรฉmie Brรฉchet
6%
2003-200427FW ๐Ÿ‡ซ๐Ÿ‡ทJulien Viale
6%
2004-200519FW ๐Ÿ‡ซ๐Ÿ‡ทJulien Viale
6%
2014-201519FW ๐Ÿ‡ฌ๐Ÿ‡ณMohamed Yattara
6%
2003-200430GK ๐Ÿ‡ซ๐Ÿ‡ทNicolas Puydebois
6%
2002-200330GK ๐Ÿ‡ซ๐Ÿ‡ทNicolas Puydebois
6%
2004-200530GK ๐Ÿ‡ซ๐Ÿ‡ทNicolas Puydebois
6%
2000-200132GK ๐Ÿ‡ซ๐Ÿ‡ทNicolas Puydebois
6%
2015-201624MF ๐Ÿ‡จ๐Ÿ‡ฒOlivier Kemen
6%
2000-200111FW ๐Ÿ‡ซ๐Ÿ‡ทTony Vairelles
6%
2002-200311FW ๐Ÿ‡ซ๐Ÿ‡ทTony Vairelles
6%
2001-200226GK ๐Ÿ‡ซ๐Ÿ‡ทAngelo Hugues
4%
2000-200130GK ๐Ÿ‡ซ๐Ÿ‡ทAngelo Hugues
4%
2004-200535GK ๐Ÿ‡ซ๐Ÿ‡ทDaniel Jaccard
4%
2001-20024DF ๐Ÿ‡ซ๐Ÿ‡ทFlorent Laville
4%
2002-20034DF ๐Ÿ‡ซ๐Ÿ‡ทFlorent Laville
4%
2000-20014DF ๐Ÿ‡ซ๐Ÿ‡ทFlorent Laville
4%
2004-200527DF ๐Ÿ‡ซ๐Ÿ‡ทJohann Truchet
4%
2016-201723DF ๐Ÿ‡ฆ๐Ÿ‡ดJordy Gaspar
4%
2011-201228GK ๐Ÿ‡ซ๐Ÿ‡ทMathieu Valverde
4%
2000-200113FW ๐Ÿ‡ซ๐Ÿ‡ทPatrice Loko
4%
2003-200422DF ๐Ÿ‡ซ๐Ÿ‡ทRomain Sartre
4%
2008-200936DF ๐Ÿ‡ซ๐Ÿ‡ทSรฉbastien Faure
4%
2004-200532FW ๐Ÿ‡น๐Ÿ‡ฉSylvain Idangar
4%
2005-200624DF ๐Ÿ‡ซ๐Ÿ‡ทSylvain Monsoreau
4%
2002-200327MF ๐Ÿ‡ซ๐Ÿ‡ทAlexandre Hauw
2%
2001-200227MF ๐Ÿ‡ซ๐Ÿ‡ทAlexandre Hauw
2%
2001-200222MF ๐Ÿ‡ซ๐Ÿ‡ทDavid Linarรจs
2%
2000-200122MF ๐Ÿ‡ซ๐Ÿ‡ทDavid Linarรจs
2%
2000-200124DF ๐Ÿ‡ซ๐Ÿ‡ทFrรฉderic Ribeiro
2%
2002-200328DF ๐Ÿ‡ซ๐Ÿ‡ทLaurent Montoya
0%
2001-200228DF ๐Ÿ‡ซ๐Ÿ‡ทLaurent Montoya
0%

Score Distribution

Percentile by Number Answered

Percent of People with Each Score

Your Score History

You have not taken this quiz